000 00880nam a2200253Ia 4500
003 OSt
005 20220923221525.0
006 a|||||r|||| 00| 0
007 ta
008 220922b |||||||| |||| 00| 0 hin d
024 _a197,885
037 _cTextual
040 _aARTS
_cARTS
_bhin
041 _2hin
_ahin
082 _aO152,1:gN, M0
100 _aवाजपेयी, जगदीश
_9156369
245 0 _aआधुनिक ब्रजभाषा काव्य
246 _aĀdhunik brajabhāṣhā kāvya
260 _aमुज्जफफर नगर
_b अजन्ता प्रका0
_c1968
490 _a286पृ0ग्रंथसूची पृ0 281.286
650 _aहिन्दी साहित्य
_9156264
942 _hO152,1:gN, M0
_cTEXL
_2CC
999 _c349756
_d349756